Metodika pre zostavenie pôdnych a pedogeochemických máp

Salvato in:
Dettagli Bibliografici
Autori principali: Čurlík, Ján (Autore), Šefčík, Peter (Autore), Šurina, Bohumil (Autore)
Natura: Libro
Lingua:slovacco
Pubblicazione: Bratislava : Výskumný ústav pôdnej úrodnosti, 1997
Edizione:1. vyd
Soggetti:
Tags: Aggiungi Tag
Nessun Tag, puoi essere il primo ad aggiungerne!!

MARC

LEADER 00000nam a22000003a 4500
001 stu101855
005 20150617225822.9
008 060104s1997----xo------------------slo-d
020 |a 80-85361-38-8 
040 |a STU  |b slo 
041 0 |a slo 
044 |a xo 
080 |a 631.4 
100 1 |a Čurlík, Ján  |4 aut 
245 1 |a Metodika pre zostavenie pôdnych a pedogeochemických máp 
250 |a 1. vyd 
260 |a Bratislava :  |b Výskumný ústav pôdnej úrodnosti,  |c 1997 
300 |a 48 s 
650 7 |a pôdoznalectvo  |2 stusub 
700 1 |a Šefčík, Peter  |4 aut 
700 1 |a Šurina, Bohumil  |4 aut 
996 |b 284M063923  |c M*B-400  |l MMKN  |s A  |a 24  |w stu101855_0001